000 00350nam a2200133Ia 4500
005 20260326100037.0
008 260326s9999||||xx |||||||||||||| ||und||
100 _aSiegel, Curt
245 0 _aFormas Estructurales en la Arquitectura Moderna /
_cCurt Siegel
260 _bCompañía Continental
300 _a308 p.
650 _aSIGLO XX
942 _cBK
999 _c6867
_d6867